01242nam a2200337Ia 4500001001200000003000800012006001900020007001500039008004100054010001700095015001900112020001800131020001500149040002100164035002100185050002600206082001800232100002000250245010300270260003800373300002500411504005100436533015200487650001400639650003600653655002900689700002600718710001700744856012600761999001700887ebr10070218CaPaEBRm u cr cn|||||||||040407s2004 enka sb 001 0 eng d z 2004008002 aGBA4535622bnb z9780851999685 z0851998208 aCaPaEBRcCaPaEBR a(OCoLC)55941776314aSF140.S72bK37 2004eb04a636.007272221 aKaps, Miroslav.10aBiostatistics for animal scienceh[electronic resource] /cMiroslav Kaps and William R. Lamberson. aWallingford :bCABI Pub.,cc2004. axiii, 445 p. :bill. aIncludes bibliographical references and index. aElectronic reproduction.bPalo Alto, Calif. :cebrary,d2009.nAvailable via World Wide Web.nAccess may be limited to ebrary affiliated libraries. 0aBiometry. 0aLivestockxStatistical methods. 7aElectronic books.2local1 aLamberson, William R.2 aebrary, Inc.40uhttp://site.ebrary.com/lib/rucke/Doc?id=10070218zAn electronic book accessible through the World Wide Web; click to view c30537d30537